Yleistieto - Tähtitiede - Statistics

Yleistilastot
  • Tätä visaa on pelattu 885 kertaa
  • Keskiarvotulos 10 / 20
Vastaustilastot
Vihje Vastaus % Oikein
Menetti asemansa planeettana 2006 Pluto
94%
Meidän galaksimme Linnunrata
93%
Paikka, jossa painovoima on niin suurta, että edes valo ei pääse sieltä pakoon Musta aukko
83%
299 792 458 metriä sekunnissa Valonnopeus
81%
Noin 13,8 miljardia vuotta sitten tapahtunut maailmankaikkeuden laajeneminen Alkuräjähdys
77%
Valoilmiö, joka syntyy meteoroidin "palaessa" ilmakehässä Tähdenlento
71%
Suuren tähden räjähdys Supernova
67%
Lähimpänä sijaitseva merkittävä galaksi Andromeda
52%
Marsin ja Jupiterin kiertoratojen välissä sijaitseva alue {Asteroidi}vyöhyke
48%
Alkuaine, joka saa Marsin näyttämään punaiselta Rauta
45%
Yötaivaan kirkkain tähti Sirius
42%
Aurikokuntaa lähimpänä sijaitseva tähtijärjestelmä Alfa {Centauri}
41%
Tunnettu komeetta, joka tulee näkyviin 76 vuoden välein Halleyn komeetta
37%
Galaksityyppi, jota se edustaa Sauvaspiraaligalaksi
36%
Vuonna 1990 laukaistu avaruusteleskooppi Hubble
33%
Tähtienvälisessä avaruudessa sijaitseva pölypilvi, josta voi syntyä tähtiä Kaasusumu
27%
Jättiläismäinen myrsky Jupiterissa {Suuri} {punainen} pilkku
20%
Kuun alue, johon Apollo 11 laskeutui {Rauhallisuuden} meri
17%
Kaikkein tihein tähtityyppi Neutronitähti
16%
Ensimmäinenä planeettojen elliptiset radat kuvaillut henkilö Johannes Kepler
11%
Ehtoja vastaavia visoja ei löytynyt
Tulosjakauma
Jokaisen tuloksen saaneiden osuus
Persentiili vastausten määrän mukaan
Tuloshistoriasi
Et ole pelannut tätä visaa